000 00202 a2200097 4500
001 33571
100 _aRayport,J.E
245 _aE-Commerce
260 _aND
_bTata McGraw-Hill
_c
090 _c22343
_d22343
942 _aNUST-CAE
_cM
_c13718
999 _c268644
_d268644